Situación real de la salud infantil en El Salvador 1979

Trata de determinar el comportamiento del niño de bajos recursos económicos en el Salvador y confronta el problema con la parcialidad de los datos suministrados por el estado - Describe la situación de la población infantil salvadoreña de limitados recursos económicos, en la medida en que esta pobla...

Повний опис

Збережено в:
Бібліографічні деталі
Автор: Ruiz Izaguirre, Rafael
Співавтор: CSUCA. Programa Centroamericano de Ciencias de la Salud
Формат: Текст
Опубліковано: San José: CSUCA
Теги: Додати тег
Немає тегів, Будьте першим, хто поставить тег для цього запису!

MARC

LEADER 00000 a a2200000 04500
001 20717
003
040
090 |a 088000  
100 |a Ruiz Izaguirre, Rafael  
110 |a CSUCA. Programa Centroamericano de Ciencias de la Salud  
245 |a Situación real de la salud infantil en El Salvador 1979  
260 |a San José:   |b CSUCA  
300 |a 10 p.  
520 |a Trata de determinar el comportamiento del niño de bajos recursos económicos en el Salvador y confronta el problema con la parcialidad de los datos suministrados por el estado - Describe la situación de la población infantil salvadoreña de limitados recursos económicos, en la medida en que esta población es la que utiliza los servicios públicos de salud. Cuestiona las cifras ofrecidas por el Ministerio de Salud en cuanto que son suministradas con fines políticos. Cita el dato, dado por el estado, del numero de niños prematuros (3000 en todo el país), cuando en realidad se atendieron 000 solo en un hospital. Analiza el problema del recién nacido y el lactante  
999 |c 13188  |d 13188